<?xml version="1.0" encoding="UTF-8"?>
<record
    xmlns:xsi="http://www.w3.org/2001/XMLSchema-instance"
    xsi:schemaLocation="http://www.loc.gov/MARC21/slim http://www.loc.gov/standards/marcxml/schema/MARC21slim.xsd"
    xmlns="http://www.loc.gov/MARC21/slim">

  <leader>04372nab a22008297  4500</leader>
  <controlfield tag="003">AR-RoUNA</controlfield>
  <datafield tag="022" ind1=" " ind2=" ">
    <subfield code="a">0327-9022</subfield>
  </datafield>
  <datafield tag="040" ind1=" " ind2=" ">
    <subfield code="a">AR-RoUNA</subfield>
    <subfield code="b">spa</subfield>
  </datafield>
  <datafield tag="041" ind1=" " ind2=" ">
    <subfield code="a">spa</subfield>
  </datafield>
  <datafield tag="044" ind1=" " ind2=" ">
    <subfield code="a">ag</subfield>
  </datafield>
  <datafield tag="245" ind1=" " ind2=" ">
    <subfield code="a">Summa+</subfield>
  </datafield>
  <datafield tag="260" ind1=" " ind2=" ">
    <subfield code="a">Buenos Aires (Argentina):</subfield>
    <subfield code="c">Donn SA,</subfield>
    <subfield code="b">1993.</subfield>
  </datafield>
  <datafield tag="300" ind1=" " ind2=" ">
    <subfield code="a">184 p. :</subfield>
    <subfield code="b">il. byn.</subfield>
    <subfield code="b">planos</subfield>
    <subfield code="c">34X25 cm.</subfield>
  </datafield>
  <datafield tag="505" ind1="0" ind2=" ">
    <subfield code="t">ARQUITECTURA</subfield>
  </datafield>
  <datafield tag="505" ind1="0" ind2=" ">
    <subfield code="a">Alfonso Corona Mart&#xED;nez / Malec&#xF3;n, y despu&#xE9;s, sur. p. 74</subfield>
  </datafield>
  <datafield tag="505" ind1="0" ind2=" ">
    <subfield code="a">Hok International LTD, ST Louis, Estudio Aisenson / Edificio Malec&#xF3;n, Puerto Madero, Buenos Aires, Argentina, 1999. p. 74</subfield>
  </datafield>
  <datafield tag="505" ind1="0" ind2=" ">
    <subfield code="t">ESCUELA MODELO</subfield>
  </datafield>
  <datafield tag="505" ind1="0" ind2=" ">
    <subfield code="a">4 proyectos de escuelas municipales en Buenos Aires. p.84</subfield>
  </datafield>
  <datafield tag="505" ind1="0" ind2=" ">
    <subfield code="a"> Lucia Paula Lucca / Jard&#xED;n Italiano. p. 90</subfield>
  </datafield>
  <datafield tag="505" ind1="0" ind2=" ">
    <subfield code="a">Lamberto Rossi / Jard&#xED;n de infantes, Fusignano, Italia, 1996. p. 90
</subfield>
  </datafield>
  <datafield tag="505" ind1="0" ind2=" ">
    <subfield code="t">EDUCACION TRANSPARENTE</subfield>
  </datafield>
  <datafield tag="505" ind1="0" ind2=" ">
    <subfield code="a">Jeffrey Berk / Florida Day School, Vicente L&#xF3;pez, Buenos Aires, Argentina, 1999. p. 94</subfield>
  </datafield>
  <datafield tag="505" ind1="0" ind2=" ">
    <subfield code="t">EXTERIORES PROPIOS</subfield>
  </datafield>
  <datafield tag="505" ind1="0" ind2=" ">
    <subfield code="a">Alvaro Siza / Rectorado de la Universidad de Alicante, Espa&#xF1;a, 1996. p. 98</subfield>
  </datafield>
  <datafield tag="505" ind1="0" ind2=" ">
    <subfield code="a">Fernando Diez / Nave Insignia. p. 106</subfield>
  </datafield>
  <datafield tag="505" ind1="0" ind2=" ">
    <subfield code="a">Rafael Vi&#xF1;oly Arqs. / Biblioteca de la Universidad de San Andr&#xE9;s, "Max von Buch",San Fernando, Buenos Aires, Argentina, p. 106</subfield>
  </datafield>
  <datafield tag="505" ind1="0" ind2=" ">
    <subfield code="t">REPORTAJE</subfield>
  </datafield>
  <datafield tag="505" ind1="0" ind2=" ">
    <subfield code="a">Nicola Gorretti y Beatrice Vivio / He amado amantes. Entrevista a Francesco Moschini. p. 116</subfield>
  </datafield>
  <datafield tag="505" ind1="0" ind2=" ">
    <subfield code="a">Colecci&#xF3;n de dibujos de arquitectos. Aldo Rossi. Edoardo Persico. Giancarlo Aymonino. Dario Passi. Franco Purini. p.116</subfield>
  </datafield>
  <datafield tag="505" ind1="0" ind2=" ">
    <subfield code="t">ARQUITECTURA -- CASAS</subfield>
  </datafield>
  <datafield tag="505" ind1="0" ind2=" ">
    <subfield code="a">Jorge O. Moscato y Rolando Schere / Casa Camdessus en Punta del Este, Uruguay, 1996. p.128</subfield>
  </datafield>
  <datafield tag="505" ind1="0" ind2=" ">
    <subfield code="t">ARTE -- FOTOGRAFIA</subfield>
  </datafield>
  <datafield tag="505" ind1="0" ind2=" ">
    <subfield code="a">Alicia Guerrero Yeste y Fredy Massad, arqs / Ciudades Mutantes. p. 136</subfield>
  </datafield>
  <datafield tag="505" ind1="0" ind2=" ">
    <subfield code="a">Alicia Guerrero Yeste y Fredy Massad, arq / Fotos de Nueva York. p.136</subfield>
  </datafield>
  <datafield tag="505" ind1="0" ind2=" ">
    <subfield code="t">INTERIORES</subfield>
  </datafield>
  <datafield tag="505" ind1="0" ind2=" ">
    <subfield code="a">Hern&#xE1;n Barbero Sarzabal y Sergio Castiglione / Culto al detalle. p. 142</subfield>
  </datafield>
  <datafield tag="505" ind1="0" ind2=" ">
    <subfield code="a">Kristin Jarmund, arqs. / Bar Og Restaurante, Oslo, Noruega, 1998.p. 142</subfield>
  </datafield>
  <datafield tag="505" ind1="0" ind2=" ">
    <subfield code="a">Gilberto Rodr&#xED;guez y Jes&#xFA;s Mart&#xED;nez arqs. / Restaurante Grujalva, M&#xE9;xico, 1997. p. 146</subfield>
  </datafield>
  <datafield tag="505" ind1="0" ind2=" ">
    <subfield code="a">Cayetana Merc&#xE9; / Bares Especiales. p. 148</subfield>
  </datafield>
  <datafield tag="505" ind1="0" ind2=" ">
    <subfield code="a">Pablo Chiappori Estudio / Bar Chandon, 1999. p.148</subfield>
  </datafield>
  <datafield tag="505" ind1="0" ind2=" ">
    <subfield code="a">Alejandro &amp; Liliana, Aizerztein arqs. / Coffee Sore, Buenos Aires, Argentina, 1999. p. 152</subfield>
  </datafield>
  <datafield tag="505" ind1="0" ind2=" ">
    <subfield code="a">Guillermo Rosenbaum y Pablo Pizarro arqs. / Deep Blue Bar, 1999. p. 154</subfield>
  </datafield>
  <datafield tag="505" ind1="0" ind2=" ">
    <subfield code="t">OTRA MIRADA SOBRE COMO COMEMOS</subfield>
  </datafield>
  <datafield tag="505" ind1="0" ind2=" ">
    <subfield code="a">Dardo Arbide, Guillermo Marra, Simone Seiler y Sebasti&#xE1;n Tavormina / Los nuevos espacios de la comida en Buenos Aires. p. 158</subfield>
  </datafield>
  <datafield tag="505" ind1="0" ind2=" ">
    <subfield code="t">DISE&#xD1;O -- OBJETO CON FIRMA</subfield>
  </datafield>
  <datafield tag="505" ind1="0" ind2=" ">
    <subfield code="a"> 3 dise&#xF1;adores. Starck, Sottsass, Morrison: nuevos destinos. p.162</subfield>
  </datafield>
  <datafield tag="505" ind1="0" ind2=" ">
    <subfield code="a">Servicio Pompeya. Bandeja Placentarius. p.164</subfield>
  </datafield>
  <datafield tag="505" ind1="0" ind2=" ">
    <subfield code="a">Beatriz Siskind / El vaso m&#xE1;s famoso de Alvar Aalto. p. 165</subfield>
  </datafield>
  <datafield tag="505" ind1="0" ind2=" ">
    <subfield code="a">T&#xE9; en la Bauhaus. Reproducciones de objetos dise&#xF1;ados en la Bauhaus. p.166</subfield>
  </datafield>
  <datafield tag="505" ind1="0" ind2=" ">
    <subfield code="a">Cl&#xE1;sicos porte&#xF1;os / Horacio Spinetto. p. 168</subfield>
  </datafield>
  <datafield tag="505" ind1="0" ind2=" ">
    <subfield code="a">Restaurante London Grill. Castelar Hotel, Buenos Aires, Argentina. p. 168</subfield>
  </datafield>
  <datafield tag="505" ind1="0" ind2=" ">
    <subfield code="t">FRAGMENTOS -- UNIVERSITARIAS</subfield>
  </datafield>
  <datafield tag="505" ind1="0" ind2=" ">
    <subfield code="a">Maria Luisa Musso / La medida de la imagen. C&#xE1;tedra de Dise&#xF1;o Textil UBA / FADU. p. 172</subfield>
  </datafield>
  <datafield tag="505" ind1="0" ind2=" ">
    <subfield code="t">TEXTURAS</subfield>
  </datafield>
  <datafield tag="505" ind1="0" ind2=" ">
    <subfield code="a">Roberto Fern&#xE1;ndez /  Resistir con alguna dignidad. p. 174</subfield>
  </datafield>
  <datafield tag="505" ind1="0" ind2=" ">
    <subfield code="a">Alicia Kreimer, David Kullock y Juan B. Vald&#xE9;s / Naturaleza y fatalidad p. 175</subfield>
  </datafield>
  <datafield tag="505" ind1="0" ind2=" ">
    <subfield code="a">Mario Sabugo / Santa Rosa de Lima: &#xBF;perigordiana o poitenina?. p.182</subfield>
  </datafield>
  <datafield tag="505" ind1="0" ind2=" ">
    <subfield code="t">POST SCRIPTUM</subfield>
  </datafield>
  <datafield tag="505" ind1="0" ind2=" ">
    <subfield code="a">Ana Luisa Nobre / La falta que nos hace. p. 184</subfield>
  </datafield>
  <datafield tag="600" ind1=" " ind2="0">
    <subfield code="9">3704</subfield>
    <subfield code="a">Vi&#xF1;oly, Rafael</subfield>
    <subfield code="d">1944-2023</subfield>
  </datafield>
  <datafield tag="600" ind1=" " ind2="0">
    <subfield code="a">Moschini, Francesco</subfield>
    <subfield code="d">1948-</subfield>
    <subfield code="9">11211</subfield>
  </datafield>
  <datafield tag="600" ind1=" " ind2="0">
    <subfield code="a">Rossi, Aldo, </subfield>
    <subfield code="d">1931-1997 .</subfield>
    <subfield code="9">2895</subfield>
  </datafield>
  <datafield tag="650" ind1=" " ind2=" ">
    <subfield code="a">Arquitectura contepor&#xE1;nea</subfield>
    <subfield code="9">26982</subfield>
  </datafield>
  <datafield tag="650" ind1=" " ind2=" ">
    <subfield code="a">Arquitectura educativa</subfield>
    <subfield code="9">7619</subfield>
  </datafield>
  <datafield tag="650" ind1=" " ind2=" ">
    <subfield code="a">Escuelas</subfield>
    <subfield code="v">Jardines de infantes</subfield>
    <subfield code="z">Buenos Aires (Argentina)</subfield>
    <subfield code="9">26983</subfield>
  </datafield>
  <datafield tag="650" ind1=" " ind2=" ">
    <subfield code="a">Bares</subfield>
    <subfield code="v">Restaurantes</subfield>
    <subfield code="z">Buenos Aires (Argentina)</subfield>
    <subfield code="9">26984</subfield>
  </datafield>
  <datafield tag="773" ind1="0" ind2=" ">
    <subfield code="a">Summa+</subfield>
    <subfield code="d">Buenos Aires, Argentina</subfield>
    <subfield code="g">N&#xBA;41 (feb-marz 2000), p. 184</subfield>
    <subfield code="x">0327-9022</subfield>
  </datafield>
  <datafield tag="908" ind1=" " ind2=" ">
    <subfield code="a">Imp</subfield>
  </datafield>
  <datafield tag="942" ind1=" " ind2=" ">
    <subfield code="2">udc</subfield>
    <subfield code="c">ART</subfield>
  </datafield>
  <datafield tag="945" ind1=" " ind2=" ">
    <subfield code="d">2022-07-08</subfield>
  </datafield>
  <datafield tag="980" ind1=" " ind2=" ">
    <subfield code="6">138</subfield>
    <subfield code="a">Carolina Rainero</subfield>
    <subfield code="8">5</subfield>
    <subfield code="g">Mar&#xED;a Machado</subfield>
  </datafield>
  <datafield tag="999" ind1=" " ind2=" ">
    <subfield code="c">11843</subfield>
    <subfield code="d">11843</subfield>
  </datafield>
  <datafield tag="952" ind1=" " ind2=" ">
    <subfield code="0">0</subfield>
    <subfield code="1">0</subfield>
    <subfield code="2">udc</subfield>
    <subfield code="4">0</subfield>
    <subfield code="7">0</subfield>
    <subfield code="a">AR-RoUNA</subfield>
    <subfield code="b">AR-RoUNA</subfield>
    <subfield code="c">Heme</subfield>
    <subfield code="d">2025-03-11</subfield>
    <subfield code="e">Don</subfield>
    <subfield code="l">0</subfield>
    <subfield code="p">1002602</subfield>
    <subfield code="r">2025-03-11</subfield>
    <subfield code="t">ej. 1</subfield>
    <subfield code="w">2025-03-11</subfield>
    <subfield code="y">ART</subfield>
    <subfield code="k">K6</subfield>
    <subfield code="x"></subfield>
  </datafield>
</record>
